An Evaluation of Christian Worship in Vangai Division Evangelical Baptist Convention Church From Biblical Perspective | (Record no. 7963)

MARC details
000 -LEADER
fixed length control field 00626nam a22001697a 4500
003 - CONTROL NUMBER IDENTIFIER
control field GBCCL
005 - DATE AND TIME OF LATEST TRANSACTION
control field 20241126110640.0
008 - FIXED-LENGTH DATA ELEMENTS--GENERAL INFORMATION
fixed length control field 181121b ||||| |||| 00| 0 eng d
040 ## - CATALOGING SOURCE
Transcribing agency GBC
082 ## - DEWEY DECIMAL CLASSIFICATION NUMBER
Classification number ARCH GBC-2006
Item number KHA
100 ## - MAIN ENTRY--PERSONAL NAME
Personal name Khamthianlun
9 (RLIN) 13894
245 ## - TITLE STATEMENT
Title An Evaluation of Christian Worship in Vangai Division Evangelical Baptist Convention Church From Biblical Perspective |
Statement of responsibility, etc. Khamthianlun
260 ## - PUBLICATION, DISTRIBUTION, ETC.
Place of publication, distribution, etc. New Lamka:
Name of publisher, distributor, etc. Grace Bible College,
Date of publication, distribution, etc. 2006
300 ## - PHYSICAL DESCRIPTION
Extent ix - 53 p.;
Dimensions 29 x 30 cm.
650 ## - SUBJECT ADDED ENTRY--TOPICAL TERM
Topical term or geographic name entry element Christian Worship
Form subdivision Vangai Division
-- Evangelical Baptist Convention
General subdivision Biblical Perspective
9 (RLIN) 13895
942 ## - ADDED ENTRY ELEMENTS (KOHA)
Source of classification or shelving scheme Dewey Decimal Classification
Koha item type Thesis
Holdings
Withdrawn status Lost status Source of classification or shelving scheme Damaged status Not for loan Home library Current Library Shelving location Date acquired Total checkouts Full call number Barcode Date last seen Copy number Price effective from Koha item type
    Dewey Decimal Classification     GRACE BIBLE COLLEGE GRACE BIBLE COLLEGE Archives 2018-11-21   ARCH GBC-2006 KHA 025078 2025-05-01 c.1 2018-11-21 Thesis
© Grace Bible College Library 2025